Mi perro Gruyere.

I tiakina i:
Ngā taipitopito rārangi puna kōrero
Kaituhi matua: Nadon, Yves (autor)
Ētahi atu kaituhi: Malépart, Céline (autor) (autor), Gama, Luis Eduardo, tr (autor) tr, (autor)
Hōputu: Pukapuka
Reo:Pāniora
Rangatū:(Buenas noches)
Ngā marau:
Ngā Tūtohu: Tāpirihia he Tūtohu
Kāore He Tūtohu, Me noho koe te mea tuatahi ki te tūtohu i tēnei pūkete!

MARC

LEADER 00000nam^a2200000^u^4500
001 000510881
005 20250521000000.0
008 071018s1000^^^^^^^^^^^^r^^^^^000^0^spa^d
009 20260310130135.561
022 |a 9789584510372 
035 |a FCE 000055091 
037 |a Acervo ITESO - Biblioteca 
041 |a spa 
082 0 4 |a 843.91  |b NADp 
100 |a Nadon, Yves  |e (autor) 
245 1 3 |a Mi perro Gruyere. 
264 |a Bogotá, Colombia :  |b Grupo Editorial Norma,  |c 2008. 
300 |a 32 p. :  |b il., col. 
336 |a texto  |b txt  |2 rdacontenido 
337 |a sin mediación  |b n  |2 rdamedio 
338 |a volumen  |b nc  |2 rdasoporte 
440 1 |a (Buenas noches) 
596 |a Traducción de: Mon chien gruyere. 
649 |a XX 
650 |a Cuentos infantiles 
650 |a Cuentos infantiles franceses 
650 |a Libros ilustrados para niños 
650 |a Mascotas 
700 |a Malépart, Céline  |e (autor) 
700 |a Gama, Luis Eduardo,  |e tr  |e (autor) 
910 |a Fondo Centro de Estudios Educativos 
920 |a Impresos - Libros 
930 |a Fondos Especiales 
905 |a 133 
901 |a ALE008508  |b IT2  |c CEE  |u 20250521 
902 |a https://opac.biblio.iteso.mx/vufind/Record/000510881